| 000 | 00646nam a2200253Ia 4500 | ||
|---|---|---|---|
| 008 | 171025s9999 xx 000 0 und d | ||
| 020 | _a9781892127914 | ||
| 050 | _a745.59 | ||
| 050 | _bA489 2006 | ||
| 245 | 4 | _aThe amazing page : | |
| 245 | _b650 new scrapbook page ideas, tips and techniques / | ||
| 250 | _aFirst edition | ||
| 260 | _aOhio : | ||
| 260 | _bMemory pages, | ||
| 260 | _c2006 | ||
| 300 | _a224 pages : | ||
| 300 | _bcolor illustrations ; | ||
| 300 | _c27cm. | ||
| 650 | _aPhotograph albums. | ||
| 650 | _aPhotographs -- | ||
| 650 | _aScrapbook. | ||
| 650 | _xConservation and restoration. | ||
| 700 | _aTitle. | ||
| 999 |
_c344742 _d344742 |
||